000
00208nam a22000977a 4500
082
_a
823
100
_a
LOLIN
100
_a
JACQUI HAWKINS
245
_a
READ ALOUD, READ ALONG, READ ALONE
_b
NUMBER 2-9
942
_c
BK
999
_c
8088
_d
8088